| 000 | 00979nam a2200241 a 4500 | ||
|---|---|---|---|
| 001 | 000015422 | ||
| 005 | 20240530073917.0 | ||
| 008 | 100208s2004 dr 000 f spa d | ||
| 020 | _a994540508X | ||
| 040 |
_aDO-SdBNP _bspa _cBNPHU |
||
| 082 |
_aRD863.44 _bV145h |
||
| 100 | 1 |
_aValdez, Diógenes, _d1941-2014 _914890 |
|
| 245 | 1 | 3 |
_aEl hipocampo y el iceberg : _b(otro después) / _cDiógenes Valdez. |
| 260 |
_aSanto Domingo : _bManatí, _c2004. |
||
| 300 |
_a106 p. ; _c22 cm. |
||
| 500 | _aQuinta novela del ciclo titulado ¨El sexteto de Fort Liberté¨, que se apoya temáticamente en el célebre poema ¨Yelidá¨, de Tomás Hernández Franco. | ||
| 590 | _aInventariado, 2020/VM | ||
| 650 | 0 |
_aNovela dominicana _9223 |
|
| 650 | 0 |
_aLiteratura dominicana. _967 |
|
| 700 | 1 | 2 |
_aHernández Franco, Tomás, _d1904-1952 _tYelidá _930249 |
| 800 | 1 |
_aValdez, Diógenes, _d1941- _tYelidá (El sexteto de Fort Liberté) _v5 _930261 |
|
| 910 | _aValidado. Control de calidad MMOLINA | ||
| 999 |
_c14980 _d14980 |
||